Library Banner

Huamn anatomy (Record no. 83278)

MARC details
000 -LEADER
fixed length control field 00435nam a2200181Ia 4500
001 - CONTROL NUMBER
control field 70838
008 - FIXED-LENGTH DATA ELEMENTS--GENERAL INFORMATION
fixed length control field 160226s9999 xx 000 0 und d
020 ## - INTERNATIONAL STANDARD BOOK NUMBER
International Standard Book Number 978313112053
040 ## - CATALOGING SOURCE
Transcribing agency PK-LaUMT
082 ## - DEWEY DECIMAL CLASSIFICATION NUMBER
Classification number 611
Item number DAU-H
100 ## - MAIN ENTRY--PERSONAL NAME
Personal name Dauber, W.
245 ## - TITLE STATEMENT
Title Huamn anatomy
Statement of responsibility, etc Dauber, W.
260 ## - PUBLICATION, DISTRIBUTION, ETC. (IMPRINT)
Place of publication, distribution, etc New York,USA:
Name of publisher, distributor, etc Time Home Entertainment Inc.,
Date of publication, distribution, etc 2006
300 ## - PHYSICAL DESCRIPTION
Extent 545 p.
546 ## - LANGUAGE NOTE
Language note EN
650 ## - SUBJECT ADDED ENTRY--TOPICAL TERM
Topical term or geographic name as entry element Human anatomy
942 ## - ADDED ENTRY ELEMENTS (KOHA)
Koha item type Books
Holdings
Withdrawn status Lost status Damaged status Not for loan Home library Current library Date acquired Total Checkouts Full call number Barcode Date last seen Date checked out Price effective from Koha item type
        UMT Health Sciences Campus UMT Health Sciences Campus 2016-02-26 18 611 DAU-H 97528 2026-01-06 2025-12-24 2016-02-26 Books